000 02808nam a22003617a 4500
003 KnowledgeUnlatched
005 20210303105915.0
006 m o d
007 cr u||||||||||
008 210129p20142021xx o u00| u eng d
037 _5BiblioBoard
245 0 0 _aMedia and Communication in Europe
_cAgnieszka Stepinska.
020 _a9783832536800
024 8 _ahttps://doi.org/10.30819/3680
029 1 _ahttps://library.biblioboard.com/ext/api/media/f878eb6a-7727-4659-95fb-eee0a646542c/assets/thumbnail.jpg
040 _aScCtBLL
_cScCtBLL
100 1 _aStepinska, Agnieszka
_eauthor.
264 1 _bLogos Verlag Berlin,
300 _a1 online resource (1 p.)
506 0 _aAccess copy available to the general public.
_fUnrestricted
_2star
520 _aThis timely book explores how the media shape the Europeanization of the public sphere within the European Union (EU). Bringing together a range of international scholars in media studies and journalism and covering both traditional and online media, it argues that Europeanization is not just an idea - it is a real, ongoing process that we are experiencing every day. Assessing a wide range of actors and processes and acknowledging the diverse relationships between media and politics, the chapters edited by Agnieszka Stepinska reflect contemporary conceptualizations of Europeanization and unravel the complex mediatization of European politics. It covers topics as diverse as children's socialization within the European Union via kid's TV programmes; the impact of the 'Euroblogosphere' on policy decisions; and international broadcasting as one of the key elements to understanding new public diplomacy in Europe. Using the Polish EU presidency of 2011 as an extensive case study, the book's latter part shows what impact Poland's presidency had on its representation, both domestically and abroad, and questions the Presidency's actual power of attracting media attention. 'Media and Communication in Europe' is a valuable resource for any student and researcher interested in the complex relationship between the media and the EU.
588 0 _aDescription based on print version record.
590 _aKU Select 2020: HSS Backlist Books
650 7 _aTechnology & Engineering / Agriculture
_2bisacsh
650 7 _aSocial Science
_2bisacsh
650 0 _aSocial sciences
655 0 _aElectronic books.
758 _iIs found in:
_aKnowledge Unlatched
_1https://openresearchlibrary.org/module/2774bc74-146a-484f-a7ba-ab1d6a09bbfb
856 4 0 _uhttps://openresearchlibrary.org/content/f878eb6a-7727-4659-95fb-eee0a646542c
_zView this content on Open Research Library.
_70
999 _c32296
_d32296